| 000 | 00470nam a2200145 4500 | ||
|---|---|---|---|
| 999 |
_c15598 _d15598 |
||
| 008 | 180714b ||||| |||| 00| 0 eng d | ||
| 022 | _a2094-8042 | ||
| 082 | _aDPer 370.105 M72 June 2010-Mar 2011 v. 59 n. 1-10 | ||
| 100 |
_928842 _aCelestino, Carlos S., Jr. |
||
| 245 |
_aWork is a blessing/ _cCarlos S. Celestino, Jr. |
||
| 260 |
_aPhilippines; _bIn The Grade School, _cc2010-2011. |
||
| 300 |
_av59 n8, page 315; _c27cm. |
||
| 650 | 0 |
_933876 _aWork. |
|
| 942 |
_2ddc _cPER |
||